000 00543nam a22002057a 4500
003 UA-OsUOA
001 96206
007 ta
008 20130318b un ||||| |||| 00| 0 ukr d
100 _aКудиевский К.
090 _a821.161.1
_bК88
942 _cBK
040 _aUA-OsUOA
_cUA-OsUOA
_dUA-OsUOA
245 _aЛегенда о летучем голландце
300 _a392 с.
955 _a3
080 _a821.161.1
650 7 _a82 Література. Літературознавство
_2UDC
999 _c382459
_d382459